| Tag |
First Indicator |
Second Indicator |
Subfields |
| LEADER |
00000cjm a2200000Ia 4500 |
| 001 |
in00001576845 |
| 005 |
20151022105325.0 |
| 007 |
sd fsngnn---ee |
| 008 |
001219p19951965caujzn fi d |
| 024 |
1 |
|
|a 025218187527
|
| 028 |
0 |
2 |
|a OJCCD-1875-2
|b Prestige
|
| 028 |
0 |
0 |
|a P-7427
|b Prestige
|
| 033 |
0 |
0 |
|a 106508060000
|b 3814
|c E62
|
| 035 |
|
|
|a (OCoLC)ocm45597956
|
| 040 |
|
|
|a TXA
|c TXA
|d UtOrBLW
|
| 041 |
0 |
|
|g eng
|
| 049 |
|
|
|a TXAM
|
| 090 |
|
|
|a M1366.M167
|b C65 1995
|
| 100 |
1 |
|
|a McPherson, Charles.
|
| 245 |
1 |
0 |
|a Con alma! /
|c Charles McPherson.
|
| 264 |
|
1 |
|a Berkeley, CA :
|b Prestige Records :
|b Fantasy, Inc.,
|c [1995]
|
| 264 |
|
4 |
|c ©1995
|
| 300 |
|
|
|a 1 sound disc (approximately 45 min.) :
|b digital, stereo. ;
|c 4 3/4 in.
|
| 306 |
|
|
|a 004420
|
| 336 |
|
|
|a performed music
|b prm
|2 rdacontent
|
| 337 |
|
|
|a audio
|b s
|2 rdamedia
|
| 338 |
|
|
|a audio disc
|b sd
|2 rdacarrier
|
| 490 |
1 |
|
|a Original jazz classics limited edition series
|
| 500 |
|
|
|a Compact disc.
|
| 511 |
0 |
|
|a Charles McPherson, alto saxophone ; Clifford Jordan, tenor saxophone ; Barry Harris, piano ; George Tucker, bass ; Alan Dawson, drums.
|
| 518 |
|
|
|a Recorded in Englewood Cliffs, NJ, August 6, 1965.
|
| 500 |
|
|
|a Previously released on Prestige P-7427.
|
| 538 |
|
|
|a Analog recording; digitally remastered.
|
| 505 |
0 |
|
|a Eronel / Thelonious Monk (7:03) -- In a sentimental mood / Duke Ellington (7:57) -- Chasing the bird / Charlie Parker (7:08) -- Con alma / Dizzy Gillespie (5:28) -- I don't know / Charles McPherson (8:16) -- Dexter rides again / Dexter Gordon (8:08).
|
| 500 |
|
|
|a Notes from original album liner by Ira Gitler inserted in container.
|
| 500 |
|
|
|a Sound recording.
|
| 650 |
|
0 |
|a Jazz
|y 1961-1970.
|
| 650 |
|
0 |
|a Jazz.
|
| 700 |
1 |
|
|a Jordan, Clifford,
|e performer.
|
| 700 |
1 |
|
|a Harris, Barry,
|d 1929-
|e performer.
|
| 700 |
1 |
|
|a Tucker, George,
|d 1927-1965,
|e performer.
|
| 700 |
1 |
|
|a Dawson, Alan,
|e performer.
|
| 710 |
2 |
|
|a Fantasy Records.
|
| 830 |
|
0 |
|a Original jazz classics.
|
| 830 |
|
0 |
|a Limited edition series (Berkeley, Calif.)
|
| 994 |
|
|
|a E0
|b TXA
|
| 948 |
|
|
|a cataloged
|b h
|c 2000/12/19
|d o
|e fpiscitelli
|f 5:15:21 pm
|
| 999 |
|
|
|a MARS
|
| 999 |
f |
f |
|s 6870c739-8d84-3135-b005-13a963d38230
|i 7cdbeb8c-295b-3e77-8e38-f201b7fdd8b7
|t 0
|
| 952 |
f |
f |
|p ric
|a Texas A&M University
|b Rellis Campus
|c Joint Library Facility
|d Remote Storage
|t 0
|e M1366.M167 C65 1995
|h Library of Congress classification
|i audio -- audio disc
|m A14826734080
|
| 998 |
f |
f |
|a M1366.M167 C65 1995
|t 0
|l Remote Storage
|